[Event "Baku Blitz m (Women)"]
[Site "Baku"]
[Date "2025.04.30"]
[Round "2"]
[White "Stefanova, Antoaneta"]
[Black "Mammadzada, Gunay Vuqar Qizi"]
[Result "1/2-1/2"]
[WhiteElo "2431"]
[BlackElo "2390"]
[PlyCount "64"]
[EventDate "2025.04.30"]
[EventType "match (blitz)"]
[EventRounds "10"]
[EventCountry "AZE"]
[SourceTitle "CB18_2025"]
[SourceDate "2025.04.30"]
[SourceVersion "1"]
[SourceVersionDate "2025.04.30"]
[SourceQuality "1"]

1. d4 Nf6 2. Bg5 e6 3. e3 d5 4. Nd2 Be7 5. Bd3 h6 6. Bh4 c5 7. c3 0-0 8. f4 b6 9. Ngf3 Ba6 10. Bxa6 Nxa6 11. 0-0 Nd7 12. Bxe7 Qxe7 13. Ne5 Nxe5 14. fxe5 f5 15. exf6 Rxf6 16. Rxf6 Qxf6 17. Qe2 Nc7 18. Rf1 Qg6 19. Qf3 Rd8 20. dxc5 bxc5 21. e4 Nb5 22. exd5 exd5 23. Nb3 Qb6 24. Qf7+ Kh8 25. Kh1 a5 26. Qe7 c4 27. Rf8+ Rxf8 28. Qxf8+ Kh7 29. Qf5+ Kh8 30. Qf8+ Kh7 31. Qf5+ Kh8 32. Qf8+ Kh7 1/2-1/2

[Event "Baku Rapid m (Women)"]
[Site "Baku"]
[Date "2025.04.28"]
[Round "3"]
[White "Mammadzada, Gunay Vuqar Qizi"]
[Black "Stefanova, Antoaneta"]
[Result "1-0"]
[WhiteElo "2390"]
[BlackElo "2431"]
[PlyCount "147"]
[EventDate "2025.04.28"]
[EventType "match (rapid)"]
[EventRounds "6"]
[EventCountry "AZE"]
[SourceTitle "CB18_2025"]
[SourceDate "2025.04.30"]
[SourceVersion "1"]
[SourceVersionDate "2025.04.30"]
[SourceQuality "1"]

1. e4 e5 2. Nf3 Nc6 3. Bb5 Nf6 4. 0-0 Nxe4 5. Re1 Nd6 6. Nxe5 Nxe5 7. Rxe5+ Be7 8. Bf1 0-0 9. d4 Bf6 10. Re1 Nf5 11. d5 d6 12. Nd2 Nh4 13. Ne4 Be7 14. g3 Ng6 15. f4 f5 16. Nf2 Bf6 17. Bg2 Bd7 18. c3 Re8 19. Be3 Re7 20. Qb3 b6 21. Qc4 b5 22. Qd3 Nh8 23. Re2 a5 24. Rae1 Qf8 25. Bf3 Rae8 26. b3 Nf7 27. h4 g6 28. Bd4 Bxd4 29. Qxd4 Rxe2 30. Rxe2 Rxe2 31. Bxe2 c5 32. dxc6 Bxc6 33. Nd1 Qe8 34. Ne3 Kf8 35. Kf2 Qb8 36. h5 Qd8 37. a3 Kg8 38. b4 axb4 39. axb4 Kf8 40. Bd1 Qe7 41. Bb3 Qe4 42. Qxe4 Bxe4 43. hxg6 hxg6 44. Bd5 Bd3 45. Ke1 Nd8 46. Kd2 Bb1 47. Ng2 Ke7 48. Nh4 Kf6 49. Nf3 Ne6 50. Bxe6 Kxe6 51. Nd4+ Kd5 52. Nxb5 Be4 53. Nc7+ Kc6 54. Ne6 Bd5 55. Nd4+ Kb6 56. Kd3 Be4+ 57. Ke3 Bd5 58. Nc2 Kb5 59. Kd4 Bf7 60. Na3+ Kc6 61. b5+ Kc7 62. Nc4 Be6 63. Ne3 Kb6 64. c4 Bf7 65. Nd5+ Kb7 66. c5 dxc5+ 67. Kxc5 Be8 68. b6 Bf7 69. Nb4 Be8 70. Nd3 Ka6 71. Ne5 Kb7 72. Nc4 Ba4 73. Nd6+ Kb8 74. Kd4 1-0

[Event "EU-ch (Women) 25th"]
[Site "Rhodes"]
[Date "2025.04.08"]
[Round "8"]
[White "Stefanova, Antoaneta"]
[Black "Grapsa, Georgia"]
[Result "1/2-1/2"]
[WhiteElo "2431"]
[BlackElo "2065"]
[PlyCount "103"]
[EventDate "2025.03.31"]
[EventType "swiss"]
[EventRounds "11"]
[EventCountry "GRE"]
[SourceTitle "CB16_2025"]
[SourceDate "2025.04.16"]
[SourceVersion "1"]
[SourceVersionDate "2025.04.16"]
[SourceQuality "1"]

1. d4 Nf6 2. Nf3 e6 3. e3 b6 4. Bd3 Bb7 5. 0-0 c5 6. c4 Be7 7. Nc3 0-0 8. d5 exd5 9. cxd5 Nxd5 10. Nxd5 Bxd5 11. Bxh7+ Kxh7 12. Qxd5 Nc6 13. e4 Nb4 14. Qf5+ Kg8 15. Rd1 Qe8 16. Bf4 g6 17. Qh3 f5 18. exf5 Rxf5 19. Be5 d5 20. a3 Nc6 21. Rxd5 Nxe5 22. Nxe5 Rd8 23. Rxd8 Bxd8 24. Ng4 Bg5 25. Qd3 Kg7 26. Rd1 Qe6 27. Qc3+ Kh7 28. h4 Bxh4 29. Qh3 Rh5 30. Qf3 Rf5 31. Qh3 Rh5 32. Qf3 Rf5 33. Qd3 Kg7 34. g3 Rf7 35. Qc3+ Bf6 36. Nxf6 Qxf6 37. Qxf6+ Rxf6 38. Rd7+ Rf7 39. Rd5 Rf3 40. Rd7+ Kf6 41. Rxa7 Rb3 42. a4 Rxb2 43. a5 bxa5 44. Rxa5 Rc2 45. Kg2 Kf5 46. Kf3 Rc3+ 47. Ke2 g5 48. Kd2 Rc4 49. Kd3 Rc1 50. Kd2 Rc4 51. Kd3 Rc1 52. Kd2 1/2-1/2

[Event "EU-ch (Women) 25th"]
[Site "Rhodes"]
[Date "2025.04.07"]
[Round "7"]
[White "Zvereva, Marija"]
[Black "Stefanova, Antoaneta"]
[Result "0-1"]
[WhiteElo "2041"]
[BlackElo "2431"]
[PlyCount "54"]
[EventDate "2025.03.31"]
[EventType "swiss"]
[EventRounds "11"]
[EventCountry "GRE"]
[SourceTitle "CB16_2025"]
[SourceDate "2025.04.16"]
[SourceVersion "1"]
[SourceVersionDate "2025.04.16"]
[SourceQuality "1"]

1. c4 b6 2. Nc3 Bb7 3. e3 e5 4. Nf3 e4 5. Ng1 Nf6 6. Nge2 Na6 7. d3 Nc5 8. Nf4 exd3 9. Nxd3 Nce4 10. Qc2 Nxc3 11. Qxc3 Bd6 12. f3 Nh5 13. Qd4 Qe7 14. Bd2 c5 15. Qg4 g6 16. 0-0-0 f5 17. Qh3 0-0-0 18. g4 fxg4 19. Qxg4 Rhf8 20. Bg2 Qf7 21. Ne1 Nf6 22. Qh4 Be7 23. Qh3 Qxc4+ 24. Kb1 Bd5 25. b3 Qe2 26. Nc2 Be6 27. Qg3 Nh5 0-1

[Event "EU-ch (Women) 25th"]
[Site "Rhodes"]
[Date "2025.03.31"]
[Round "1"]
[White "Yildiz, Elif Zeren"]
[Black "Stefanova, Antoaneta"]
[Result "1/2-1/2"]
[WhiteElo "2103"]
[BlackElo "2431"]
[PlyCount "91"]
[EventDate "2025.03.31"]
[EventType "swiss"]
[EventRounds "11"]
[EventCountry "GRE"]
[SourceTitle "CB16_2025"]
[SourceDate "2025.04.16"]
[SourceVersion "1"]
[SourceVersionDate "2025.04.16"]
[SourceQuality "1"]

1. e4 e5 2. Nf3 Nc6 3. d4 exd4 4. Nxd4 Qf6 5. Nb5 Bc5 6. Qf3 Qxf3 7. gxf3 Kd8 8. Be3 Bxe3 9. fxe3 a6 10. Nd4 Nge7 11. Nc3 Ne5 12. Be2 d6 13. 0-0-0 c5 14. Nb3 Kc7 15. Rhg1 g6 16. f4 N5c6 17. Bc4 Rf8 18. a4 b6 19. Nd2 Be6 20. Rg5 Nb4 21. Bxe6 fxe6 22. h4 Rad8 23. h5 d5 24. hxg6 hxg6 25. a5 bxa5 26. Nb3 c4 27. Nc5 Rd6 28. Re5 Rf6 29. exd5 Nexd5 30. Nxd5+ exd5 31. c3 Nd3+ 32. Nxd3 cxd3 33. Rxd3 Rf5 34. Re7+ Kc6 35. Ra7 Kb6 36. Rg7 Re6 37. Kc2 a4 38. Rd4 Rxe3 39. Rxg6+ Kb5 40. Rd6 Re2+ 41. Kb1 a3 42. R6xd5+ Rxd5 43. Rxd5+ Kc6 44. Ra5 Rxb2+ 45. Ka1 Rb3 46. Ka2 1/2-1/2

[Event "EU-ch rapid (Women)"]
[Site "Monaco"]
[Date "2025.01.12"]
[Round "10"]
[White "Ushenina, Anna"]
[Black "Stefanova, Antoaneta"]
[Result "1/2-1/2"]
[WhiteElo "2418"]
[BlackElo "2418"]
[PlyCount "52"]
[EventDate "2025.01.11"]
[EventType "swiss (rapid)"]
[EventRounds "11"]
[EventCountry "MNC"]
[SourceTitle "CB03_2025"]
[SourceDate "2025.01.15"]
[SourceVersion "1"]
[SourceVersionDate "2025.01.15"]
[SourceQuality "1"]

1. Nf3 Nf6 2. c4 b6 3. g3 Bb7 4. Bg2 c5 5. 0-0 g6 6. d4 cxd4 7. Qxd4 Bg7 8. Nc3 d6 9. Rd1 Nbd7 10. Be3 Rc8 11. Rac1 h6 12. h3 Nh5 13. Qd3 0-0 14. b3 Ba8 15. Qd2 Kh7 16. Nd5 Nhf6 17. Nd4 Ne8 18. Nb5 a6 19. Nbc3 e6 20. Nb4 Bxg2 21. Kxg2 a5 22. Nc2 Nc5 23. Nd4 Qe7 24. Ndb5 Rd8 25. Qc2 Nf6 26. Rd2 Rd7 1/2-1/2

[Event "EU-ch rapid (Women)"]
[Site "Monaco"]
[Date "2025.01.11"]
[Round "2"]
[White "Prado Acebo, Ines"]
[Black "Stefanova, Antoaneta"]
[Result "0-1"]
[WhiteElo "2176"]
[BlackElo "2418"]
[PlyCount "72"]
[EventDate "2025.01.11"]
[EventType "swiss (rapid)"]
[EventRounds "11"]
[EventCountry "MNC"]
[SourceTitle "CB03_2025"]
[SourceDate "2025.01.15"]
[SourceVersion "1"]
[SourceVersionDate "2025.01.15"]
[SourceQuality "1"]

1. d4 d5 2. c4 e6 3. Nc3 a6 4. cxd5 exd5 5. Qb3 c6 6. e4 b5 7. exd5 b4 8. Ne4 cxd5 9. Nc5 Nf6 10. Nf3 Bd6 11. Qe3+ Qe7 12. Bd3 0-0 13. 0-0 Nc6 14. Re1 Re8 15. Nb3 Bg4 16. Qg5 Qc7 17. Be3 Bxf3 18. gxf3 Bxh2+ 19. Kg2 Bd6 20. Rh1 Re6 21. Rag1 Ne7 22. Kf1 Ng6 23. Nc5 Bxc5 24. dxc5 Rae8 25. Bxg6 fxg6 26. Qh4 Rxe3 27. fxe3 Rxe3 28. Qxb4 Rxf3+ 29. Ke2 Rf4 30. Qb6 Qe5+ 31. Kd1 Rc4 32. Rg2 Qe4 33. Qd8+ Ne8 34. Re1 Qb1+ 35. Ke2 Re4+ 36. Kf3 Rxe1 0-1

[Event "EU-ch blitz (Women)"]
[Site "Monaco"]
[Date "2025.01.10"]
[Round "6"]
[White "Papp, Petra"]
[Black "Stefanova, Antoaneta"]
[Result "1-0"]
[WhiteElo "2235"]
[BlackElo "2418"]
[PlyCount "145"]
[EventDate "2025.01.10"]
[EventType "swiss (blitz)"]
[EventRounds "13"]
[EventCountry "MNC"]
[SourceTitle "CB03_2025"]
[SourceDate "2025.01.15"]
[SourceVersion "1"]
[SourceVersionDate "2025.01.15"]
[SourceQuality "1"]

1. d4 d5 2. Nf3 Nf6 3. Bf4 e6 4. e3 Bd6 5. Ne5 Nbd7 6. Nd2 Nf8 7. Bg3 Ng6 8. f4 Ne4 9. Bd3 f5 10. Qh5 Bxe5 11. fxe5 Nxd2 12. Kxd2 c5 13. c3 c4 14. Bc2 b5 15. a3 a5 16. Qf3 Rb8 17. h4 h5 18. Bf4 Nxf4 19. Qxf4 Qe7 20. Rh3 Bd7 21. Rg3 Kd8 22. Qg5 Qxg5 23. Rxg5 Rh7 24. Bd1 Be8 25. Bc2 g6 26. Rg3 Rhb7 27. Rh3 Ke7 28. Rhh1 Bd7 29. Rhf1 b4 30. axb4 axb4 31. Ra6 b3 32. Bd1 Rb6 33. Ra5 Rb5 34. Ra3 R5b7 35. Be2 Bc6 36. Rfa1 Kd7 37. Ra6 Kc7 38. R1a5 Rb5 39. Ra3 R5b6 40. R6a5 Rb5 41. Ra7+ R5b7 42. R7a6 Rb6 43. Ra7+ R6b7 44. Ke1 Rxa7 45. Rxa7+ Rb7 46. Ra3 Rb8 47. Kf2 Kb6 48. Kg3 Rg8 49. Kf4 Be8 50. Kg5 Rf8 51. Ra8 Kb7 52. Ra5 Kb6 53. Ra3 Kb7 54. Bf3 Kb6 55. g3 Kb7 56. Ra5 Kb6 57. Ra8 Kb7 58. Ra1 Kb6 59. Kh6 Kb7 60. Kg7 Rf7+ 61. Kxg6 Rf8+ 62. Kg5 Rg8+ 63. Kf4 Rg7 64. Ra5 Re7 65. Rc5 Rg7 66. Rxc4 Kb6 67. Rb4+ Kc7 68. Rxb3 Rg8 69. Ra3 Bc6 70. Ra7+ Kb6 71. Re7 Ra8 72. Rxe6 Kb5 73. c4+ 1-0

[Event "EU-ch blitz (Women)"]
[Site "Monaco"]
[Date "2025.01.10"]
[Round "4"]
[White "Socko, Monika"]
[Black "Stefanova, Antoaneta"]
[Result "1/2-1/2"]
[WhiteElo "2371"]
[BlackElo "2418"]
[PlyCount "39"]
[EventDate "2025.01.10"]
[EventType "swiss (blitz)"]
[EventRounds "13"]
[EventCountry "MNC"]
[SourceTitle "CB03_2025"]
[SourceDate "2025.01.15"]
[SourceVersion "1"]
[SourceVersionDate "2025.01.15"]
[SourceQuality "1"]

1. d4 d5 2. Nf3 Nf6 3. g3 g6 4. Bg2 Bg7 5. 0-0 0-0 6. c4 c6 7. b3 a5 8. Nc3 Bf5 9. Bb2 Ne4 10. Nh4 Nxc3 11. Bxc3 Be6 12. Qd3 a4 13. Rfd1 axb3 14. axb3 Rxa1 15. Rxa1 Qb6 16. c5 Qxb3 17. Rb1 Qa3 18. Ra1 Qb3 19. Rb1 Qa3 20. Ra1 1/2-1/2

[Event "EU-ch blitz (Women)"]
[Site "Monaco"]
[Date "2025.01.10"]
[Round "9"]
[White "Stefanova, Antoaneta"]
[Black "Atalik, Ekaterina"]
[Result "0-1"]
[WhiteElo "2418"]
[BlackElo "2395"]
[PlyCount "84"]
[EventDate "2025.01.10"]
[EventType "swiss (blitz)"]
[EventRounds "13"]
[EventCountry "MNC"]
[SourceTitle "CB03_2025"]
[SourceDate "2025.01.15"]
[SourceVersion "1"]
[SourceVersionDate "2025.01.15"]
[SourceQuality "1"]

1. d4 Nf6 2. Nf3 d5 3. e3 c5 4. Nbd2 cxd4 5. exd4 Nc6 6. c3 Bg4 7. Bb5 e6 8. Qa4 Qc7 9. Ne5 Rc8 10. 0-0 Bd6 11. f4 0-0 12. Bd3 Bf5 13. Bxf5 exf5 14. Ndf3 Ne4 15. Qb5 Ne7 16. Qe2 f6 17. Nd3 Rfe8 18. g3 Nc6 19. Qg2 Qd7 20. Bd2 Na5 21. Rae1 Qb5 22. Nb4 Bxb4 23. cxb4 Nc4 24. Bc3 Nxc3 25. bxc3 Ne3 26. Qd2 Nxf1 27. Rxf1 Qe2 28. Qc1 Qe3+ 29. Qxe3 Rxe3 30. Nh4 g6 31. g4 fxg4 32. f5 g5 33. Ng2 Rexc3 34. Re1 Rc1 35. Kf2 Rxe1 36. Nxe1 Rc4 37. Nd3 Rxd4 38. Ke3 Re4+ 39. Kd2 h5 40. a3 b6 41. Nf2 Rf4 42. Nd3 Rd4 0-1

[Event "EU-ch blitz (Women)"]
[Site "Monaco"]
[Date "2025.01.10"]
[Round "5"]
[White "Stefanova, Antoaneta"]
[Black "Hejazipour, Mitra"]
[Result "1/2-1/2"]
[WhiteElo "2418"]
[BlackElo "2310"]
[PlyCount "246"]
[EventDate "2025.01.10"]
[EventType "swiss (blitz)"]
[EventRounds "13"]
[EventCountry "MNC"]
[SourceTitle "CB03_2025"]
[SourceDate "2025.01.15"]
[SourceVersion "1"]
[SourceVersionDate "2025.01.15"]
[SourceQuality "1"]

1. d4 Nf6 2. Nf3 e6 3. e3 d5 4. Nbd2 c5 5. b3 b6 6. Bb2 Be7 7. Ne5 0-0 8. Bd3 Nfd7 9. f4 f5 10. 0-0 Nxe5 11. dxe5 Bb7 12. c4 Na6 13. Nf3 Nb4 14. Be2 dxc4 15. Bxc4 Bd5 16. Qe2 Bxc4 17. Qxc4 Qd5 18. Qxd5 Nxd5 19. Kf2 Rfd8 20. Ke2 b5 21. Rfd1 Nb4 22. a3 Nc6 23. Rxd8+ Rxd8 24. Bc3 h6 25. Nd2 Kf7 26. g3 Rd7 27. a4 b4 28. Bb2 Na5 29. Rd1 g5 30. h3 Ke8 31. Bc1 Kf7 32. Rf1 Kg6 33. g4 fxg4 34. hxg4 gxf4 35. exf4 Rd4 36. Bb2 Rd8 37. f5+ Kg5 38. fxe6 Kxg4 39. Rf7 Bg5 40. Ne4 Nxb3 41. Rxa7 Nd4+ 42. Bxd4 cxd4 43. Kd3 Kf5 44. e7 Bxe7 45. Rxe7 Ra8 46. Nc5 b3 47. Rb7 Kxe5 48. Rxb3 Kd5 49. Rb5 Kc6 50. Nb3 Rxa4 51. Rh5 Rb4 52. Nxd4+ Kd6 53. Rxh6+ Kd5 54. Rh5+ Kd6 55. Ke4 Ra4 56. Rh6+ Kd7 57. Kd5 Ra5+ 58. Kc4 Ra4+ 59. Kc5 Ra5+ 60. Nb5 Ra1 61. Rh7+ Ke6 62. Nd4+ Ke5 63. Re7+ Kf6 64. Re2 Ra5+ 65. Kd6 Ra6+ 66. Nc6 Kf5 67. Kd5 Kf4 68. Re4+ Kf3 69. Nd4+ Kg3 70. Re3+ Kg4 71. Rf3 Ra8 72. Rf7 Rd8+ 73. Ke5 Re8+ 74. Ne6 Kg3 75. Rb7 Kf3 76. Rb3+ Kg4 77. Rb4+ Kf3 78. Kf5 Ra8 79. Rb3+ Kf2 80. Kf4 Ra4+ 81. Ke5 Ra5+ 82. Ke4 Ra8 83. Rf3+ Ke2 84. Nd4+ Kd2 85. Rd3+ Kc1 86. Rc3+ Kb2 87. Rb3+ Ka2 88. Rb7 Rh8 89. Kd3 Rh3+ 90. Kc4 Rh4 91. Kd3 Rh3+ 92. Kd2 Rh2+ 93. Ne2 Ka3 94. Kd3 Ka4 95. Kc4 Ka5 96. Nd4 Ka6 97. Rb3 Rh4 98. Rb4 Rh8 99. Rb3 Rh4 100. Kc5 Rh5+ 101. Kd6 Rh6+ 102. Ne6 Ka5 103. Rb8 Ka4 104. Kd5 Ka5 105. Kc5 Rh5+ 106. Kc4 Rh4+ 107. Nd4 Ka6 108. Rb2 Ka7 109. Rb4 Ka6 110. Kb3 Rh3+ 111. Ka4 Rh4 112. Kb3 Rh3+ 113. Kc4 Rh4 114. Rb2 Ka5 115. Kc5 Rh5+ 116. Kc4 Rh4 117. Rb8 Ka6 118. Kc5 Rh5+ 119. Kd6 Rh6+ 120. Ne6 Ka5 121. Kc5 Rxe6 122. Ra8+ Ra6 123. Rxa6+ Kxa6 1/2-1/2

[Event "EU-ch blitz (Women)"]
[Site "Monaco"]
[Date "2025.01.10"]
[Round "11"]
[White "Stefanova, Antoaneta"]
[Black "Injac, Teodora"]
[Result "1-0"]
[WhiteElo "2418"]
[BlackElo "2453"]
[PlyCount "51"]
[EventDate "2025.01.10"]
[EventType "swiss (blitz)"]
[EventRounds "13"]
[EventCountry "MNC"]
[SourceTitle "CB03_2025"]
[SourceDate "2025.01.15"]
[SourceVersion "1"]
[SourceVersionDate "2025.01.15"]
[SourceQuality "1"]

1. d4 Nf6 2. Nf3 g6 3. g3 Bg7 4. Bg2 0-0 5. 0-0 d5 6. c4 dxc4 7. Na3 a5 8. Nxc4 a4 9. Nfe5 Nfd7 10. Bf4 Nxe5 11. Bxe5 Bh6 12. d5 Nd7 13. Bc3 Nf6 14. e4 e6 15. Bb4 Re8 16. d6 Bf8 17. Rc1 b5 18. Ne3 Bxd6 19. e5 Bxb4 20. Qxd8 Rxd8 21. Bxa8 Nd5 22. Rfd1 c5 23. Nxd5 exd5 24. Bxd5 Rf8 25. a3 Ba5 26. Rxc5 1-0

[Event "EU-ch Rapid"]
[Site "Skopje"]
[Date "2024.12.07"]
[Round "4"]
[White "Malicka, Maria"]
[Black "Stefanova, Antoaneta"]
[Result "1/2-1/2"]
[WhiteElo "2206"]
[BlackElo "2418"]
[PlyCount "129"]
[EventDate "2024.12.07"]
[EventType "swiss (rapid)"]
[EventRounds "11"]
[EventCountry "MKD"]
[SourceTitle "CB50_2024"]
[SourceDate "2024.11.01"]
[SourceVersion "1"]
[SourceVersionDate "2024.11.01"]
[SourceQuality "2"]

1. e4 e5 2. Nf3 Nc6 3. Bb5 a6 4. Ba4 Nge7 5. Nc3 d6 6. 0-0 Bd7 7. Re1 Ng6 8. Nd5 b5 9. Bb3 Na5 10. c3 c6 11. Ne3 Nxb3 12. axb3 Be7 13. d4 0-0 14. Nf5 a5 15. dxe5 dxe5 16. Nxe7+ Qxe7 17. Bg5 f6 18. Be3 Rfb8 19. Qc2 Be6 20. Nd2 Qf7 21. b4 a4 22. Bc5 Nf4 23. Be3 g5 24. g3 Ng6 25. Bc5 Kg7 26. Nf1 Rd8 27. Ne3 Nh8 28. Rad1 Qh5 29. Rxd8 Rxd8 30. Rd1 Rxd1+ 31. Qxd1 Qxd1+ 32. Nxd1 Bg4 33. Ne3 Bf3 34. Nf5+ Kf7 35. Nd6+ Ke6 36. Kf1 Nf7 37. Nxf7 Kxf7 38. Ke1 Ke6 39. Kd2 Bxe4 40. Ke3 Bb1 41. Bb6 g4 42. Bd8 f5 43. Bc7 Be4 44. Bb8 Kd5 45. Bc7 Bg2 46. Bb8 Be4 47. Bc7 h5 48. Bb8 h4 49. gxh4 f4+ 50. Kd2 Bg6 51. Bc7 Ke4 52. Ke2 Bf7 53. Bd6 Bh5 54. Kd2 Kf5 55. Bc7 Bf7 56. Kd3 Bg6 57. Kd2 Ke4 58. Ke2 Be8 59. Bb8 Bf7 60. Bc7 Kf5 61. Kd3 Bc4+ 62. Kd2 Bf7 63. Kd3 Bc4+ 64. Kd2 Bf7 65. Kd3 1/2-1/2

[Event "Olympiad Women-45"]
[Site "Budapest"]
[Date "2024.09.22"]
[Round "11.1"]
[White "Brunello, Marina"]
[Black "Stefanova, Antoaneta"]
[Result "0-1"]
[WhiteElo "2348"]
[BlackElo "2416"]
[PlyCount "72"]
[EventDate "2024.09.11"]
[EventType "team-swiss"]
[EventRounds "11"]
[EventCountry "HUN"]
[SourceTitle "EXT 2025"]
[Source "ChessBase"]
[SourceDate "2024.10.14"]
[SourceVersion "1"]
[SourceVersionDate "2024.10.14"]
[SourceQuality "1"]
[WhiteTeam "Italy (W)"]
[BlackTeam "Bulgaria (W)"]
[WhiteTeamCountry "ITA"]
[BlackTeamCountry "BUL"]

1. e4 e5 2. Nf3 Nc6 3. Bc4 Nf6 4. d3 h6 5. c3 d6 6. 0-0 g6 7. d4 Qe7 8. Re1 Bg7 9. Nbd2 0-0 10. h3 a5 11. Nf1 a4 12. Rb1 Bd7 13. Ng3 Na5 14. Bd3 c5 15. b4 axb3 16. axb3 cxd4 17. b4 Nc6 18. b5 Nd8 19. cxd4 exd4 20. Nf5 gxf5 21. exf5 Ne6 22. Nxd4 Nd5 23. fxe6 fxe6 24. Nf5 Rxf5 25. Bxf5 Nc3 26. Qb3 Qf7 27. Bb2 Nxb1 28. Bxb1 Rf8 29. Qc2 Bxb2 30. Qxb2 Qf6 31. Qc2 Rf7 32. Re3 Qd4 33. Kh2 Kf8 34. Qc7 Ke7 35. Qxb7 Rxf2 36. Rg3 Rf1 0-1

[Event "Olympiad Women-45"]
[Site "Budapest"]
[Date "2024.09.15"]
[Round "5.10"]
[White "Stefanova, Antoaneta"]
[Black "Rogule, Laura"]
[Result "1-0"]
[WhiteElo "2416"]
[BlackElo "2248"]
[PlyCount "85"]
[EventDate "2024.09.11"]
[EventType "team-swiss"]
[EventRounds "11"]
[EventCountry "HUN"]
[SourceTitle "EXT 2025"]
[Source "ChessBase"]
[SourceDate "2024.10.14"]
[SourceVersion "1"]
[SourceVersionDate "2024.10.14"]
[SourceQuality "1"]
[WhiteTeam "Bulgaria (W)"]
[BlackTeam "Latvia (W)"]
[WhiteTeamCountry "BUL"]
[BlackTeamCountry "LAT"]

1. Nf3 d5 2. g3 c6 3. Bg2 Bg4 4. 0-0 Nd7 5. d3 Ngf6 6. h3 Bh5 7. Qe1 e5 8. Nh4 Bc5 9. e4 dxe4 10. dxe4 0-0 11. a4 a5 12. Nd2 Re8 13. Nc4 Bf8 14. Bg5 Qc7 15. f3 Re6 16. Bd2 b6 17. Kh1 Nc5 18. Bc3 Nfd7 19. f4 exf4 20. gxf4 f6 21. e5 fxe5 22. fxe5 Rae8 23. Qf2 Kh8 24. Nd6 Bxd6 25. exd6 Rxd6 26. Qg3 Nf6 27. Nf5 Rd7 28. Bxf6 gxf6 29. Qh4 Be2 30. Qxf6+ Rg7 31. Rfe1 Ne4 32. Qxg7+ Qxg7 33. Nxg7 Kxg7 34. Kh2 Nd6 35. Bxc6 Rc8 36. Rxe2 Rxc6 37. Rg1+ Kf6 38. Rf1+ Nf5 39. c3 Rc5 40. Re8 Kg6 41. Rb8 Rc6 42. Rg8+ Kf7 43. Rg5 1-0

[Event "Olympiad Women-45"]
[Site "Budapest"]
[Date "2024.09.12"]
[Round "2.13"]
[White "Wafa, Shrook"]
[Black "Stefanova, Antoaneta"]
[Result "0-1"]
[WhiteElo "2137"]
[BlackElo "2416"]
[PlyCount "90"]
[EventDate "2024.09.11"]
[EventType "team-swiss"]
[EventRounds "11"]
[EventCountry "HUN"]
[SourceTitle "EXT 2025"]
[Source "ChessBase"]
[SourceDate "2024.10.14"]
[SourceVersion "1"]
[SourceVersionDate "2024.10.14"]
[SourceQuality "1"]
[WhiteTeam "Egypt (W)"]
[BlackTeam "Bulgaria (W)"]
[WhiteTeamCountry "EGY"]
[BlackTeamCountry "BUL"]

1. e4 e5 2. Nf3 Nc6 3. Bc4 Bc5 4. d3 Nf6 5. Nc3 h6 6. 0-0 0-0 7. h3 d6 8. Na4 Bb6 9. a3 Re8 10. b4 Be6 11. Bxe6 Rxe6 12. c4 Ne7 13. Rb1 c6 14. Re1 Bc7 15. d4 exd4 16. Qxd4 Qe8 17. Nh4 c5 18. Qd1 cxb4 19. axb4 Nxe4 20. Bb2 f5 21. Nxf5 Nxf5 22. Qd5 Ng5 23. f4 Nxh3+ 24. gxh3 Qg6+ 25. Qg2 Qxg2+ 26. Kxg2 Rae8 27. Rxe6 Rxe6 28. Nc3 Ne3+ 29. Kf3 Nxc4 30. Bc1 Bb6 31. Nd5 Re1 32. Nxb6 axb6 33. Kf2 Rh1 34. Kg2 Rd1 35. Ra1 Kf7 36. Kf3 Ke6 37. Ke2 Rh1 38. Kd3 Kd5 39. Kc2 Rh2+ 40. Kb1 Rxh3 41. Ra7 Kc6 42. b5+ Kc7 43. Kc2 Kb8 44. Ra4 d5 45. f5 Rf3 0-1

[Event "Belt and Road Shaoxing 6th"]
[Site "Shaoxing"]
[Date "2024.08.02"]
[Round "9"]
[White "Stefanova, Antoaneta"]
[Black "Ni, Shiqun"]
[Result "1/2-1/2"]
[WhiteElo "2413"]
[BlackElo "2352"]
[PlyCount "108"]
[EventDate "2024.07.24"]
[EventType "swiss"]
[EventRounds "9"]
[EventCountry "CHN"]
[SourceTitle "EXT 2025"]
[Source "ChessBase"]
[SourceDate "2024.10.14"]
[SourceVersion "1"]
[SourceVersionDate "2024.10.14"]
[SourceQuality "1"]

1. Nf3 d5 2. g3 g6 3. d4 Nf6 4. Bg2 Bg7 5. 0-0 0-0 6. c4 c6 7. a4 a5 8. cxd5 cxd5 9. Qb3 Nc6 10. Nc3 Bf5 11. Bf4 Nb4 12. Rfc1 Rc8 13. h3 h5 14. Nh4 Bd7 15. Be5 Bc6 16. Nf3 Nd7 17. Bf4 Qb6 18. Rd1 Rfd8 19. Bf1 e6 20. Rd2 Nf6 21. Ne5 Nd7 22. Nf3 Nf6 23. Ne5 Nd7 24. Nxd7 Rxd7 25. e3 Qd8 26. g4 hxg4 27. hxg4 Bf6 28. Qd1 Kg7 29. Qf3 Qe7 30. Qg3 Bg5 31. Be5+ f6 32. Bf4 Bxf4 33. exf4 Qd6 34. Re1 Re7 35. Rde2 Rce8 36. Bg2 g5 37. fxg5 Qxg3 38. gxf6+ Kxf6 39. fxg3 Rg7 40. Bf3 Rg5 41. b3 e5 42. dxe5+ Rexe5 43. Rd1 Rxe2 44. Nxe2 Bd7 45. Rd4 Ke5 46. Kf2 b6 47. Kg2 Be6 48. Rf4 Nd3 49. Rd4 Nc1 50. Rd1 Nxb3 51. Nf4 Nc5 52. Bxd5 Bxg4 53. Rb1 Nxa4 54. Bc6 Nc5 1/2-1/2

[Event "Belt and Road Shaoxing 6th"]
[Site "Shaoxing"]
[Date "2024.07.30"]
[Round "7"]
[White "Stefanova, Antoaneta"]
[Black "Mammadzada, Gunay Vuqar Qizi"]
[Result "1/2-1/2"]
[WhiteElo "2413"]
[BlackElo "2441"]
[PlyCount "80"]
[EventDate "2024.07.24"]
[EventType "swiss"]
[EventRounds "9"]
[EventCountry "CHN"]
[SourceTitle "EXT 2025"]
[Source "ChessBase"]
[SourceDate "2024.10.14"]
[SourceVersion "1"]
[SourceVersionDate "2024.10.14"]
[SourceQuality "1"]

1. Nf3 d5 2. g3 Nf6 3. Bg2 e6 4. 0-0 Be7 5. d3 0-0 6. Bf4 Nc6 7. d4 Bd6 8. e3 Be7 9. Ne1 b6 10. Nd3 Ba6 11. a3 Ne4 12. f3 Nd6 13. Nc3 Nf5 14. g4 Nh4 15. Bh3 Na5 16. Bg3 c5 17. f4 Nc4 18. Qe1 cxd4 19. exd4 Rc8 20. Kh1 Nd6 21. f5 exf5 22. gxf5 Bf6 23. Rf4 g5 24. fxg6 Nxg6 25. Bxc8 Bxc8 26. Qf2 Nxf4 27. Bxf4 Kh8 28. Rg1 Ne4 29. Nxe4 dxe4 30. Be5 Bxe5 31. Nxe5 f6 32. Qg3 Qe7 33. Nc6 Qf7 34. d5 Ba6 35. Nd4 e3 36. Ne6 Bc4 37. Nxf8 Bxd5+ 38. Rg2 Qxf8 39. Qxe3 Qa8 40. Qf2 Bxg2+ 1/2-1/2

[Event "Belt and Road Shaoxing 6th"]
[Site "Shaoxing"]
[Date "2024.07.29"]
[Round "6"]
[White "Shuvalova, Polina"]
[Black "Stefanova, Antoaneta"]
[Result "1/2-1/2"]
[WhiteElo "2483"]
[BlackElo "2413"]
[PlyCount "70"]
[EventDate "2024.07.24"]
[EventType "swiss"]
[EventRounds "9"]
[EventCountry "CHN"]
[SourceTitle "CBM 221 Extra"]
[Source "ChessBase"]
[SourceDate "2024.09.30"]
[SourceVersion "1"]
[SourceVersionDate "2024.09.30"]
[SourceQuality "1"]

1. e4 e5 2. Nf3 Nc6 3. Bb5 a6 4. Ba4 d6 5. 0-0 Bd7 6. c4 Bg4 7. h3 Bxf3 8. Qxf3 Nf6 9. d3 Nd7 10. Be3 g6 11. Nc3 Bg7 12. Bxc6 bxc6 13. b4 Nf8 14. a4 Ne6 15. b5 Nd4 16. Bxd4 exd4 17. Ne2 cxb5 18. axb5 axb5 19. cxb5 0-0 20. Rxa8 Qxa8 21. Nf4 Qa3 22. Nd5 Qc5 23. Ne7+ Kh8 24. Rb1 Be5 25. g3 Kg7 26. Qd1 Bxg3 27. Nd5 Bh4 28. Rc1 Qxb5 29. Rxc7 Qb2 30. Qf3 Qd2 31. Rd7 Qg5+ 32. Kf1 Qc1+ 33. Kg2 Qg5+ 34. Kf1 Qc1+ 35. Kg2 Qg5+ 1/2-1/2